Design and implementation of large spatial databases : Konf. 1st symp. SSD '89, Santa Barbara, California, USA, 17.- 18. July 1989 /

Gespeichert in:
Bibliographische Detailangaben
Weitere Verfasser: Buchmann, A (Zusammenstellung)
Format: Buch
Sprache:Englisch
Veröffentlicht: Berlin : Springer Verlag, 1990
Schriftenreihe:Lecture Notes in Computer 409
Tags: Tag hinzufügen
Keine Tags, Fügen Sie das erste Tag hinzu!

MARC

LEADER 00000nam a22000003a 4500
001 stu1795
005 20150617225619.1
008 920602s1990----gw------------------eng-d
040 |a STU  |b slo 
041 0 |a eng 
044 |a gw 
080 |a 681.32.016 
100 1 |a Buchmann, A  |4 com 
245 1 |a Design and implementation of large spatial databases :  |b Konf. 1st symp. SSD '89, Santa Barbara, California, USA, 17.- 18. July 1989 /  |c Edit.: Buchmann,A 
260 |a Berlin :  |b Springer Verlag,  |c 1990 
300 |a 364 s 
830 0 |a Lecture Notes in Computer  |v 409 
996 |c I*Z4250  |l I  |s A  |a 24  |w stu1795_0001